00309nam a2200121Ia 4500008004100000041000800041082001200049100001800061245004200079260003200121300002300153365001100176240624s9999 xx 000 0 und d aeng a332 BAN aBANSAL MANISH aDERIVATIVES AND FINANCIAL INNOVATIONS aNew DelhibTata McGraw-Hill a514 : p. : cm ; 24 cRSb33